000 00604nam a2200181 i 4500
001 25188
003 ES-MaACL
005 20230906153216.0
007 t|
008 021220s1929 sp ||||1| spa d
245 0 0 _aAportación de los colonizadores españoles a la propiedad de América (1493-16..).
260 _aMadrid :
_b[s.n.,
_c1929] (
_fSèz Hermanos)
300 _a173 p. ;
_c25 cm.
490 1 _aPublicaciones del Ministerio de Trabajo y Previsión
830 0 _aPublicaciones del Ministerio de Trabajo y Previsión
_9184823
852 _aES-MaACL
_jF-15346
_bR.18424
999 _c25188
_d25188